Ερωτόκριτος
Saved in:
| Main Author: | |
|---|---|
| Other Authors: | |
| Format: | Book |
| Language: | Greek |
| Published: |
Αθήνα :
Εστία,
c1995.
|
| Series: | Νέα ελληνική βιβλιοθήκη. Ποίηση (Εστία)
v.42 |
| Tags: |
Add Tag
No Tags, Be the first to tag this record!
|
MARC
| LEADER | 00000cam a2200000 i 4500 | ||
|---|---|---|---|
| 001 | 1/21298 | ||
| 008 | 060109s1995 gr | ||| |||| ||gre|| | ||
| 020 | |a 9600506647 | ||
| 035 | |l 10081843 | ||
| 040 | |a GR-MyUa |b gre |e AACR2 | ||
| 041 | 0 | |a gre | |
| 082 | 7 | |a 888.84 |2 (22) | |
| 100 | 1 | |a Κορνάρος, Βιτσέντζος, |d 1553-1614. | |
| 245 | 1 | 0 | |a Ερωτόκριτος / |c Βιτσέντζος Κορνάρος ; επιμέλεια: Στυλιανός Αλεξίου. |
| 260 | |a Αθήνα : |b Εστία, |c c1995. | ||
| 300 | |a μστ', 386 σ. : |b εικ. ; |c 17 εκ. | ||
| 490 | 1 | |a (Νέα ελληνική βιβλιοθήκη. Ποίηση / Εστία ; |v vol.42) | |
| 504 | |a Βιβλιογραφία: σ. ζ'-ί. | ||
| 700 | 1 | |a Αλεξίου, Στυλιανός Ε., |d 1921-2013, |e edt | |
| 830 | 0 | |a Νέα ελληνική βιβλιοθήκη. |p Ποίηση (Εστία) |v v.42 | |
| 852 | |a INST |b LESVOS |e 20060109 |h 888.84 ΚΟΡ |p 005100033861 |q 005100033861 |t BK |y 0 | ||
| 852 | |a INST |b SYROS |c EUDOXUS |e 20180903 |h 888.84 ΚΟΡ |p 005500013488 |q 005500013488 |t EDX |y 0 | ||
| 901 | |a BIBL1-2006-1 | ||
| 920 | |a ΕΠΕΑΕΚ Κοινωνικής Ανθρωπολογίας |y Λέσβος |z 2005-11 | ||
| 920 | |a Εύδοξος |b Παραγγελία |y Σύρος-ΤΜΣΠΣ |z 2017-05 | ||
| 970 | |a Καρά |b Γιασεμή |z 09/01/2006 | ||